MARC Record
Leader
003
BE-GnUNI
007
't'u
035
a| (MSK)314000242
084
a| II.B.506
245
0
0
a| Info-Musées :
b| Bulletin trimestriel d'information ; AFMB.
546
a| Frans
500
a| Tijdschriften
852
4
b| MSK
c| MSK
j| II.B.506
920
a| tijdschrift
001
000044438
005
20241224121705.0